书目信息 |
| 题名: |
机电工程新技术 (2022) 应用指南
|
|
| 作者: | 杜伟国 主编 ;中国安装协会 组织编写 | |
| 分册: | 上册 | |
| 出版信息: | 北京 中国建筑工业出版社 2021.12 |
|
| 页数: | 563页 | |
| 开本: | 26cm | |
| 丛书名: | ||
| 单 册: | ||
| 中图分类: | TH | |
| 科图分类: | ||
| 主题词: | 机电工程--ji dian gong cheng | |
| 电子资源: | ||
| ISBN: | 978-7-112-26485-8 | |
| 000 | 01054nam0 2200241 450 | |
| 001 | 25950 | |
| 005 | 20220919175226.34 | |
| 010 | @a978-7-112-26485-8@dCNY109.00 | |
| 100 | @a20220110d2021 em y0chiy50 ea | |
| 101 | 0 | @achi |
| 102 | @aCN@b110000 | |
| 105 | @aa z 000yy | |
| 200 | 1 | @a机电工程新技术 (2022) 应用指南@Aji dian gong cheng xin ji shu ( 2022 ) ying yong zhi nan@f中国安装协会组织编写@Fzhong guo an zhuang xie hui zu zhi bian xie@h上册 |
| 210 | @a北京@c中国建筑工业出版社@d2021.12 | |
| 215 | @a563页@c图@d26cm | |
| 314 | @a书内题: 杜伟国主编 | |
| 330 | @a本书是中国安装协会为总结安装行业的新技术参照《建筑业十项新技术》编写的图书《机电工程新技术2020》进行的解读。对总结先进的机电工程施工技术, 展示机电行业各领域取得的高、大、精、尖、特的科技成果, 推广应用新技术, 提升行业技术水平具有积极作用。 | |
| 606 | 0 | @a机电工程@Aji dian gong cheng |
| 690 | @aTH@v5 | |
| 701 | 0 | @a杜伟国@Adu wei guo@4主编 |
| 711 | 02 | @a中国安装协会@Azhong guo an zhuang xie hui@4组织编写 |
| 801 | 0 | @aCN@c20220910 |
| 905 | @a河南城建学院图书馆@dTH@eZ552:1@f1 | |
| 机电工程新技术 (2022) 应用指南/中国安装协会组织编写.上册.-北京:中国建筑工业出版社,2021.12 |
| 563页:图;26cm |
| ISBN 978-7-112-26485-8:CNY109.00 |
| 本书是中国安装协会为总结安装行业的新技术参照《建筑业十项新技术》编写的图书《机电工程新技术2020》进行的解读。对总结先进的机电工程施工技术, 展示机电行业各领域取得的高、大、精、尖、特的科技成果, 推广应用新技术, 提升行业技术水平具有积极作用。 |
| ● |
| 相关链接 |
|
|
|
正题名:机电工程新技术 (2022) 应用指南
索取号:TH/Z552:1
 
预约/预借
| 序号 | 登录号 | 条形码 | 馆藏地/架位号 | 状态 | 备注 |
| 1 | 1576805 | 215768051 | 自科库501/501自科库 30排4列1层/ [索取号:TH/Z552:1] | 在馆 |